Modern electronic navigation aids (Record no. 5706)

000 -LEADER
fixed length control field 00484nam a2200193Ia 4500
008 - FIXED-LENGTH DATA ELEMENTS--GENERAL INFORMATION
fixed length control field 200103s 2001 ||||xx |||||||||||||| ||und||
082 ## - DEWEY DECIMAL CLASSIFICATION NUMBER
Classification number 623.893
Item number BHA
100 ## - MAIN ENTRY--PERSONAL NAME
Personal name Bhatia, A.G.
245 #0 - TITLE STATEMENT
Title Modern electronic navigation aids
250 ## - EDITION STATEMENT
Edition statement 2nd
260 ## - PUBLICATION, DISTRIBUTION, ETC. (IMPRINT)
Name of publisher, distributor, etc Lata publications
Date of publication, distribution, etc 2001
Place of publication, distribution, etc Mumbai
300 ## - PHYSICAL DESCRIPTION
Extent 126p.
650 ## - SUBJECT ADDED ENTRY--TOPICAL TERM
Topical term or geographic name as entry element Decca
650 ## - SUBJECT ADDED ENTRY--TOPICAL TERM
Topical term or geographic name as entry element Echo sounder
650 ## - SUBJECT ADDED ENTRY--TOPICAL TERM
Topical term or geographic name as entry element Doppler log
650 ## - SUBJECT ADDED ENTRY--TOPICAL TERM
Topical term or geographic name as entry element Gyro compass
700 ## - ADDED ENTRY--PERSONAL NAME
Personal name Sinha, S. K.
Relator term Co-author
942 ## - ADDED ENTRY ELEMENTS (KOHA)
Item type Books
Holdings
Withdrawn status Lost status Source of classification or shelving scheme Damaged status Not for loan Collection code Permanent location Current location Shelving location Date acquired Total Checkouts Full call number Barcode Date last seen Date last borrowed Koha item type Public note
          Non-fiction IMU-MPC Library IMU-MPC Library General Stacks 2020-01-08 1 623.893 BHA LBS11804 2025-03-17 2025-01-24 Books Column -16
          Non-fiction IMU-MPC Library IMU-MPC Library General Stacks 2020-03-09 3 623.893 BHA MPCG0219 2025-03-17 2023-10-12 Books Column - 16
Copyright © 2021 Indian Maritime University, Mumbai Port Campus. All Rights Reserved. Managed & Maintained by Central Library, IMU-Mumbai

webs counters

Powered by Koha